000
00348 a2200169 4500
001
171815
020
_a
85-08-03868-2
040
_c
Magnum
100
_a
Rey, Marcos
240
1
0
_a
Na rota do perigo
_l
por
245
1
0
_a
Na rota do perigo
300
_a
128
362
0
_a
1993
440
1
_a
Ática
697
_a
LITERATURA JUVENIL
942
_c
BK
999
_c
171815
_d
171815